Nghiên cứu quá trình biến đổi Polytropie. Áp dụng kết quả cho các quá trình nhiệt động khác của khí lý tưởng
Tổng quan về khí lý tưởng. Quá trình đa biến của khí lý tưởng. Bài tập áp dụng của quá trình đa biến
Gespeichert in:
| 1. Verfasser: | |
|---|---|
| Weitere Verfasser: | |
| Format: | Buch |
| Sprache: | Vietnamese |
| Veröffentlicht: |
Đại học Đà Nẵng
Trường đại học Sư Phạm
2007
|
| Schriftenreihe: | Khóa luận tốt nghiệp đại học. Chuyên ngành: Sư phạm Lý
|
| Schlagworte: | |
| Tags: |
Tag hinzufügen
Keine Tags, Fügen Sie den ersten Tag hinzu!
|
| Thư viện lưu trữ: | Mạng thư viện Đại học Đà Nẵng |
|---|
| LEADER | 01480nam a2200349 4500 | ||
|---|---|---|---|
| 001 | 000012201 | ||
| 003 | 8494 | ||
| 005 | 20120216140230.0 | ||
| 008 | 120216s2007 viesd | ||
| 041 | |a vie | ||
| 072 | |a Khóa luận tốt nghiệp | ||
| 082 | |a 536.7076 |b NG-V | ||
| 100 | |a Ngô, Hải Vân | ||
| 245 | |a Nghiên cứu quá trình biến đổi Polytropie. Áp dụng kết quả cho các quá trình nhiệt động khác của khí lý tưởng |c Ngô, Hải Vân | ||
| 260 | |a Đại học Đà Nẵng |b Trường đại học Sư Phạm |c 2007 | ||
| 300 | |a 65 tr. |c 29 cm | ||
| 490 | |a Khóa luận tốt nghiệp đại học. Chuyên ngành: Sư phạm Lý | ||
| 500 | |a Tham khảo 65 | ||
| 520 | |a Tổng quan về khí lý tưởng. Quá trình đa biến của khí lý tưởng. Bài tập áp dụng của quá trình đa biến | ||
| 653 | |a Khóa luận tốt nghiệp đại học | ||
| 653 | |a Khoa Vật lý | ||
| 700 | |a Lê, Tấn Nghĩa |c Th.S |e Hướng dẫn | ||
| OWN | |a LSP | ||
| AVA | |a UDN50 |b LSP |d 536.7076 NG-V |e available |t Error 5001 Not defined in file expand_doc_bib_avail. |f 1 |g 0 |h N |i 0 |k 1 | ||
| 999 | |a From the UDN01 | ||
| AVA | |a UDN50 |b LSP |d 536.7076 NG-V |e available |t Error 5001 Not defined in file expand_doc_bib_avail. |f 1 |g 0 |h N |i 0 |k 1 | ||
| TYP | |a Monograph | ||
| TYP | |a Printed language | ||
| 980 | |a Mạng thư viện Đại học Đà Nẵng | ||